000 00447nam a2200169 4500
001 145137
003 ES-MaACL
005 20230906201153.0
007 t|
008 070214s1971 sp r ||||1| cat d
100 1 _aSonntag, José M.
_9107306
245 1 0 _aNifades /
_cJosep M. Sonntag.
250 _a[1ª ed.].
260 _a[Barcelona] :
_bEd. 62,
_c[1971] (
_fFlamma)
300 _a190 p. ;
_c20 cm.
852 _aES-MaACL
_jC-45794
_bR.78345
999 _c145137
_d145137